Most Technologically Advanced Countries - Statistics

General Stats
  • This quiz has been taken 82 times
  • The average score is 8 of 10
Answer Stats
Rank Country % Correct
1 Japan
97%
3 United States
97%
5 China
90%
2 South Korea
90%
9 United Kingdom
89%
4 Germany
85%
6 Singapore
70%
7 Sweden
65%
10 Finland
59%
8 Switzerland
59%
No matching quizzes found
Score Distribution
Percent of People with Each Score
Percentile by Number Answered
Your Score History
You have not taken this quiz